[Event "39 Open Sevilla 2014"]
[Site "Sevilla (SPAIN)"]
[Date "2014.01.14"]
[Round "5.12"]
[White "GONZALEZ GALVAN, Juan Manuel"]
[Black "ATAIDE MOLINA, Jose Maria"]
[Result "1-0"]
[WhiteElo "2238"]
[BlackElo "1970"]
[Annotator "Montecatine,R"]
[PlyCount "55"]
[EventDate "2014.01.10"]

{Ataide resistió bien ante un jugador de la fuerza de Galván. Algunas
imprecisiones en una posición compleja le pusieron en dificultades. Sin
embargo todo acabó con un fuerte error táctico.} 1. e4 g6 2. Nc3 Bg7 3. f4 c6
4. Nf3 d5 5. d3 Bg4 6. Be2 dxe4 7. Nxe4 Qb6 8. a4 a5 9. Ra3 Nd7 10. Nfd2 Qe3 (
10... Be6) 11. Ng3 Bxe2 12. Nxe2 Qa7 13. Nc4 Nh6 14. Ng3 O-O 15. Be3 Bd4 16.
Qe2 Bxe3 17. Nxe3 (17. Qxe3 Qxe3+ 18. Nxe3 $11) 17... b5 18. O-O f5 (18... b4)
19. d4 b4 20. Rd3 c5 (20... Nb6) 21. Rfd1 (21. Nd5 $5 Rfe8 22. Qe6+ Kf8 23. Ne3
Rab8 (23... cxd4 24. Ngxf5 Nxf5 25. Nxf5 gxf5 26. Qh6+ Kf7 27. Qxh7+ Kf6 28.
Re1 $16) 24. c3 bxc3 25. bxc3 cxd4 26. cxd4 $11) 21... Nf6 (21... Nb6) 22. d5
c4 23. Rd4 Rac8 $6 (23... c3 24. bxc3 bxc3 25. h3 $14) 24. Nxc4 Nhg4 (24...
Nxd5) 25. R1d2 Rfd8 26. Kh1 Nxd5 27. Rxd5 {Diagrama #} Nf2+ $2 (27... Rxd5 28.
Qe6+ Kg7 29. Qxd5 Nf2+ 30. Rxf2 Qxf2 31. Qe6 $16) 28. Qxf2 1-0

[Event "39 Open Sevilla 2014"]
[Site "Sevilla (SPAIN)"]
[Date "2014.01.14"]
[Round "5.14"]
[White "MENDEZ JUANES, Javier"]
[Black "VALENTI, Giuseppe"]
[Result "0-1"]
[WhiteElo "1974"]
[BlackElo "2172"]
[Annotator "Montecatine,R"]
[PlyCount "78"]
[EventDate "2014.01.10"]

{Una partida clásica y posicional. De repente el negro está perdido en la 21
pero el blanco no lo ve. De repente el blanco está perdido en la 34 y el negro
lo ve. 0-1 hasta mañana.} 1. d4 Nf6 2. c4 e6 3. Nf3 c5 4. e3 d5 5. Nc3 Nc6 6.
cxd5 exd5 7. Be2 Be7 8. O-O O-O 9. b3 Ne4 10. Bb2 Be6 11. dxc5 Bxc5 12. Nb5 Qe7
13. Nbd4 Rad8 14. a3 Bc8 15. b4 Bd6 16. Rc1 Ne5 17. Rc2 Ng4 18. h3 Ngf6 19. Nh2
(19. Qa1) 19... a6 20. Ng4 Nxg4 21. Bxg4 {Diagrama #} f5 $2 (21... g6) 22. Be2
$2 (22. Rxc8 fxg4 (22... Rxc8 23. Nxf5 $18) 23. Rxd8 Rxd8 24. Nf5 Qf7 25. Qxg4
$18) 22... Bd7 23. Nf3 Ba4 24. Qxd5+ Kh8 25. Qc4 Bxc2 26. Qxc2 Rfe8 27. Bd4 Rc8
28. Qb2 a5 29. Rb1 axb4 30. axb4 Rf8 31. Ne5 f4 32. Nc4 (32. exf4 Rxf4 33. Nd3
Rff8 $13) 32... fxe3 33. Bxe3 Bf4 34. Bc5 $2 (34. Bd4) 34... Nxc5 35. bxc5 Qxc5
36. Qb6 Rfe8 37. Bf1 Re7 38. g3 Bb8 39. Na5 Ba7 (39... Ba7 40. Qxc5 Rxc5 $19)
0-1

[Event "39 Open Sevilla 2014"]
[Site "Sevilla (SPAIN)"]
[Date "2014.01.14"]
[Round "5.3"]
[White "NARCISO DUBLAN, Marc"]
[Black "CAMPORA, Daniel H"]
[Result "1/2-1/2"]
[WhiteElo "2521"]
[BlackElo "2460"]
[Annotator "Montecatine,R"]
[PlyCount "104"]
[EventDate "2014.01.10"]

{Narciso lográ ventaja pero omite una ganadora en la 31. Cámpora se defiende
activamente y Narciso no encuentra las más precisas y el punto termina
repartiéndose.} 1. d4 Nf6 2. c4 e6 3. Nc3 Bb4 4. Qc2 c5 5. dxc5 Nc6 6. Nf3 Bxc5
7. Bg5 Be7 8. Rd1 O-O 9. g3 h6 10. Bc1 a6 11. Bg2 d6 12. O-O Bd7 13. Bf4 e5 14.
Be3 b5 15. Nd2 Rc8 16. b3 Be6 17. Nde4 bxc4 18. bxc4 Nxe4 (18... Bxc4 19. Qa4
$11) 19. Qxe4 Nd4 (19... f5 20. Qb1 Bxc4 21. Bd5+ Bxd5 22. Nxd5 $11) 20. Bxd4
Rxc4 (20... exd4 21. Nd5 $11) 21. Nd5 Bxd5 22. Qxd5 Rxd4 23. Rxd4 exd4 24. Rb1
Qc7 25. Rb7 Qc1+ 26. Bf1 Bf6 27. Qxd6 Qc4 (27... a5) 28. e4 $16 Qxa2 29. e5 Bd8
30. Qxd4 Qa3 {Diagrama #} (30... Ba5) 31. Bc4 (31. e6 $18 Bf6 32. exf7+ $18)
31... Be7 32. Kg2 (32. Rc7) 32... Qc5 33. Qxc5 Bxc5 34. f4 (34. Bxa6 Re8 35. f4
$16) 34... a5 35. f5 a4 36. g4 (36. e6 fxe6 37. fxe6 Re8 38. Rc7 Bd6 39. e7+
Kh7 40. Bd3+ Kg8 41. Rd7 Bxe7 42. Bg6 Kf8 43. Bxe8 Kxe8 44. Ra7 a3 45. Kf3 $16)
36... a3 37. h4 (37. Kf3) 37... Ra8 38. Rxf7 (38. Ba2 Ra7) 38... Kh8 39. e6 a2
40. Bxa2 Rxa2+ 41. Kf3 Kg8 42. Rc7 (42. g5 Ra7) 42... Bd6 43. Rc8+ Kh7 44. g5
hxg5 45. hxg5 Ra4 46. Rc6 Be7 47. f6 gxf6 48. Rc7 fxg5 49. Rxe7+ Kg6 50. Rb7
Kf6 51. e7 Kf7 52. Rc7 Rf4+ 1/2-1/2

[Event "39 Open Sevilla 2014"]
[Site "Sevilla (SPAIN)"]
[Date "2014.01.14"]
[Round "5.5"]
[White "TERAN ALVAREZ, Ismael"]
[Black "SGNAOLIN, Davide"]
[Result "1-0"]
[WhiteElo "2412"]
[BlackElo "2221"]
[Annotator "Montecatine,R"]
[PlyCount "125"]
[EventDate "2014.01.10"]

1. e4 c5 2. Nf3 Nc6 3. Bb5 g6 4. Bxc6 bxc6 5. O-O Bg7 6. Re1 Nf6 7. e5 Nd5 8.
c4 Nc7 9. d4 cxd4 10. Qxd4 d5 11. Nc3 Be6 (11... Ne6 12. Qh4 d4 $11) 12. Qh4 (
12. Qc5 $5 dxc4 (12... Qd7 13. Nd4 dxc4 14. Nxc6 $14) 13. Nd4 $14) 12... h6 13.
Nd4 Qd7 14. cxd5 Bxd5 15. Nxd5 Qxd5 (15... cxd5 16. Bd2 Ne6 17. Nxe6 Qxe6 18.
Rac1 $14) 16. Be3 c5 (16... Bxe5 17. Rac1 Bf6 $14) 17. Nb3 $16 Ne6 (17... c4
18. Rad1 g5 19. Qh5 Qb7 20. Nc5 $16) 18. Rad1 Qc6 19. Na5 Qb5 20. Nc4 Nd4 (
20... O-O 21. b3 $16) 21. b3 Nf5 22. Qe4 O-O 23. e6 fxe6 24. Qxe6+ Kh7 25. Qe4
(25. Rd7) 25... Rae8 26. Ne5 Bxe5 (26... Rf6) 27. Qxe5 Nxe3 28. Rxe3 Rf5 {
Diagrama #} (28... Qc6) 29. Qc7 Rf7 30. Rde1 (30. Rd7 $18) 30... Qb6 31. Qd7
Rd8 32. Qg4 Qf6 33. Qe2 e5 (33... Rd7 34. Rf3 Qg7 35. Qe6 Rxf3 36. Qxd7 Rf7 37.
Qd5 Rf5 38. Qe6 Rf7 39. Qe5 $18) 34. Rxe5 Rdd7 35. h3 (35. Rxc5 Rde7 36. Qf1
Qb2) 35... Rc7 36. Re6 Qf5 37. Re8 Qf6 38. Re6 Qf5 39. Re3 Qd5 40. Rd3 Qg5 41.
Rg3 Qf5 42. Rf3 Qd5 43. Rd1 Qg5 44. Rxf7+ Rxf7 45. Qd2 Qf5 46. Qe3 Qc2 47. Qd2
Qf5 48. Rc1 Rd7 49. Qe3 Rc7 50. h4 Qd5 51. Qf4 Rf7 52. Qc4 Rd7 53. Qxc5 Qd2 54.
Qc2 Qf4 55. h5 Qf5 56. hxg6+ Qxg6 57. Qxg6+ Kxg6 58. Rc6+ Kg5 59. Ra6 Rf7 60.
f3 Rc7 61. Kf2 Re7 62. Ra5+ Kg6 63. g4 {Comentarios de Terán} 1-0

[Event "39 Open Sevilla 2014"]
[Site "Sevilla (SPAIN)"]
[Date "2014.01.14"]
[Round "5.10"]
[White "LILLO CASTANY, Victor"]
[Black "DOMINGUEZ FERNANDEZ, Angel"]
[Result "1-0"]
[WhiteElo "2315"]
[BlackElo "2011"]
[Annotator "Montecatine,R"]
[PlyCount "67"]
[EventDate "2014.01.10"]

{Tras 19...Rh8 el juego negro se hace muy difícil. Ángel se desmoralizó y no
vió la línea más resistente. Lo demás no tuvo historia.} 1. e4 Nf6 2. e5 Nd5 3.
d4 d6 4. Nf3 dxe5 5. Nxe5 c6 6. Be2 Nd7 7. Nf3 g6 8. O-O Bg7 9. c4 Nc7 10. Nc3
O-O 11. Re1 b6 12. Bf1 Bb7 13. Bg5 Ne6 14. Bh4 Nf6 15. Qd2 Qd7 16. Rad1 Rad8
17. Qc2 Qc8 18. Qb3 h6 19. h3 Kh8 {Una jugada difícil de entender} (19... Rfe8
$14) 20. Qa3 {Diagrama # atacando a7 y e7} g5 ({era obligado} 20... Qa8 21.
Qxe7 g5 22. Bg3 c5 23. dxc5 Rde8 24. Qd6 Bxf3 25. gxf3 Rd8 26. Qe7 Rde8 27.
Rxe6 fxe6) 21. Bg3 $16 g4 (21... Qa8) 22. hxg4 Nxg4 23. d5 $18 cxd5 24. Nxd5
Bxd5 25. cxd5 Nc5 26. b4 Nd7 27. Rxe7 Qc2 28. Rc1 Qf5 29. Qd3 Qf6 30. d6 Qb2
31. Rc7 Ngf6 32. Ne5 Nxe5 33. Bxe5 Qxa2 34. Rxa7 1-0

[Event "39 Open Sevilla 2014"]
[Site "Sevilla (SPAIN)"]
[Date "2014.01.14"]
[Round "5.11"]
[White "DIAZ CASTRO, Sergio"]
[Black "GIMENEZ ITURRALDE, Daniel"]
[Result "1-0"]
[WhiteElo "2256"]
[BlackElo "2004"]
[Annotator "Montecatine,R"]
[PlyCount "73"]
[EventDate "2014.01.10"]

{Un pequeño descuido en la jugada 3 y te ves en una posición incómoda. No
aciertas con el mejor contrajuego y estás peor. Un error más y estás perdido.
Otro día será.} 1. d4 c5 2. c3 Nf6 3. dxc5 e6 $6 (3... a5) 4. b4 b6 5. cxb6 {
Diagrama #} Qxb6 $6 (5... axb6 6. Nf3 d5 7. Bf4 Bd6 8. Bxd6 Qxd6 9. Nbd2 O-O
10. e3 e5 $13) 6. Nd2 Bb7 (6... a5 7. Qa4 Nd5 $14) 7. Ngf3 Qc7 8. Bb2 d5 9. e3
Nbd7 10. Be2 Bd6 11. a3 Ne5 12. c4 $16 dxc4 13. Rc1 O-O 14. Nxc4 Nxc4 15. Rxc4
Qe7 16. O-O Bd5 17. Rh4 Rfd8 18. Qa1 Rac8 19. e4 $6 (19. Rd1 $16) 19... Bxe4 $2
(19... Nxe4 20. Bxg7 f5 $14) 20. Bxf6 $18 gxf6 21. Rxe4 Kh8 22. Rc1 Rb8 23. Rg4
e5 24. Qb1 Qe6 25. Rh4 f5 26. Rxh7+ Kg8 27. Rxf7 e4 28. Bc4 Qxc4 29. Rxc4 Kxf7
30. Nd4 Kf6 31. Nxf5 Kxf5 32. Qxe4+ Kf6 33. Qh4+ Ke6 34. Qg4+ Kf6 35. Qf3+ Ke7
36. Qe3+ Kf6 37. g3 1-0

[Event "39 Open Sevilla 2014"]
[Site "Sevilla (SPAIN)"]
[Date "2014.01.14"]
[Round "5.16"]
[White "DE BORDONS ALBA, Cesar"]
[Black "SEVERIJNEN, Arjon"]
[Result "0-1"]
[WhiteElo "1931"]
[BlackElo "2147"]
[Annotator "Montecatine,R"]
[PlyCount "82"]
[EventDate "2014.01.10"]

{De César solemos comentar que incluso cuando pierde tiene las piezas bien
colocadas -se dice de Ulf Andersson-. Lo cierto es que tenía la partida ganada
y el detalle 30.De2 o Dc2 lo cambia todo. Vuelve a tenerla ganada en la 35
pero ya es tiempo de desconcierto y termina perdiendo.} 1. d4 g6 2. c4 Bg7 3.
Nc3 d6 4. e4 Nc6 5. Be3 e5 6. d5 Nd4 7. Nge2 Nxe2 8. Bxe2 Ne7 9. Rc1 f5 10. f3
O-O 11. O-O f4 12. Bf2 g5 13. b4 Ng6 14. c5 Rf7 15. Qc2 Bf8 16. Rfd1 h5 17. h3
Rg7 18. cxd6 Bxd6 19. Nb5 a6 20. Nxd6 cxd6 21. Rd3 Nh4 22. Rc3 Bd7 23. Rc7 Qf6
24. Rxb7 Rf8 25. Qd1 g4 26. fxg4 hxg4 27. Bxg4 f3 28. Rxd7 Rxg4 29. hxg4 fxg2 {
Diagrama #} 30. Qe2 $6 (30. Qc2 Nf3+ 31. Kxg2 Qf4 32. Bg3 Qxg4 33. Rxd6 Nh4+
34. Kh2 Nf3+ 35. Kh1 Qxg3 36. Qg2 $18) 30... Nf3+ 31. Kxg2 Qf4 32. Rh1 Qxg4+
33. Kf1 Qxd7 34. Qxa6 (34. a4 Qxa4 35. Rh3 $14) 34... Rc8 (34... Nd2+ 35. Ke2
Qg4+ 36. Kxd2 Rxf2+ 37. Kc3 Rf3+ 38. Kc4 Qxe4+ 39. Kb5 Qxd5+ 40. Kb6 Qd4+ 41.
Kb5 Qd3+ 42. Kb6 Qd4+ $11) 35. Qa7 $2 (35. Bc5 $18) 35... Rc1+ $19 36. Ke2 Nd4+
37. Bxd4 Qb5+ 38. Kf3 Rxh1 39. Bf2 Qd3+ 40. Kg4 Qxe4+ 41. Kg5 Qf4+ 0-1

[Event "39 Open Sevilla 2014"]
[Site "Sevilla (SPAIN)"]
[Date "2014.01.14"]
[Round "5.17"]
[White "CURADO, Manuel Joao Ferro"]
[Black "SILVA LUCENA, Cristian"]
[Result "0-1"]
[WhiteElo "1915"]
[BlackElo "2126"]
[Annotator "Montecatine,R"]
[PlyCount "58"]
[EventDate "2014.01.10"]

{La lucha estaba equilibrada pero 29.Dg4 Ce3 desmoralizó tanto al blanco que
abandonó. Había aún mucha resistencia.} 1. e4 c5 2. Nf3 e6 3. d4 cxd4 4. Nxd4
Nf6 5. Nc3 d6 6. Be2 a6 7. O-O Nbd7 8. Be3 b5 9. a3 Bb7 10. f3 Be7 11. Kh1 Rc8
12. Qe1 O-O 13. Qf2 d5 14. exd5 Nxd5 15. Nxd5 Bxd5 16. Rad1 Bf6 17. c3 Ne5 18.
Qg3 Nc4 19. Bc1 (19. Bxc4 $11) 19... Qe7 $15 20. Bd3 Bxd4 21. cxd4 f5 (21...
Rc6) 22. Rfe1 Qb7 23. h4 (23. Qf2) 23... Na5 24. Bf4 Nc6 25. Bd6 Rf7 26. Bb1
Na5 27. Re2 (27. Bb4) 27... Nc4 28. Bc5 f4 {Diagrama #} 29. Qg4 $2 (29. Qg5 Ne3
30. Rde1 $11) 29... Ne3 (29... Ne3 30. Rxe3 fxe3 31. Kg1 Qc7 32. Re1 Qf4 33.
Qg5 Qxg5 34. hxg5 e5 35. b4 exd4 36. Bxd4 $17) 0-1

[Event "39 Open Sevilla 2014"]
[Site "Sevilla (SPAIN)"]
[Date "2014.01.14"]
[Round "5.18"]
[White "DURAN CUEVAS, Andres Ignacio"]
[Black "ROMERO SANCHEZ, Jesus"]
[Result "1/2-1/2"]
[WhiteElo "1914"]
[BlackElo "2121"]
[Annotator "Montecatine,R"]
[PlyCount "183"]
[EventDate "2014.01.10"]

{Tras 27 jugadas tienes cierta presión en el centro y en el ala de rey. Puedes
jugar g5 o f4. ?Por qué jugar b4? El blanco se quedó sin plan y el negro tomó
ventaja. Pero luego eligió un final de torres, en lugar de conservar su alfil,
y solo pudo empatar} 1. e4 Nf6 2. Nc3 d5 3. exd5 Nxd5 4. Bc4 Nb6 5. Bb3 Nc6 6.
Nf3 Bf5 7. O-O e6 8. d3 Be7 9. Bf4 O-O 10. h3 Na5 11. Nb5 Nxb3 12. axb3 Nd5 13.
Bd2 a6 14. Nc3 Nb4 15. Re1 c5 16. Ne4 Nc6 17. Bc3 Qc7 18. Ng3 Bg6 19. Ne5 Nxe5
20. Bxe5 Qc6 21. Qg4 f6 22. Bc3 e5 23. Nf5 Bd8 24. Re3 Qc8 25. Nh4 Qxg4 26.
hxg4 Bf7 27. Nf5 Bc7 {Diagrama #} 28. b4 (28. g5 $11) 28... cxb4 29. Bxb4 Rfd8
30. Ba5 b6 31. Bc3 Be6 32. f3 a5 33. Rae1 b5 $17 34. Kh1 Bb6 35. R3e2 b4 36.
Bd2 b3 37. cxb3 Bxb3 $17 (37... Rxd3) 38. Be3 Bxe3 39. Rxe3 g6 40. Ng3 a4 41.
Ne4 Kg7 42. Rc1 Rac8 43. Ree1 Bc2 (43... Bf7) 44. Re2 (44. Nc3 Bxd3 45. Nxa4
$15) 44... Bxd3 $19 45. Rxc8 Rxc8 46. Re3 {Diagrama #} Bxe4 (46... Bc2 $19) 47.
Rxe4 Ra8 48. Kh2 Kf7 49. g5 Ke6 50. gxf6 Kxf6 51. Kg3 Kf5 52. Kh3 h5 53. g4+
hxg4+ 54. Rxg4 g5 55. Kg3 Ra7 56. Rb4 Ra8 57. Rc4 a3 58. bxa3 Rxa3 59. Rb4 Rd3
60. Ra4 Rd4 61. Ra8 Rd1 62. Ra4 Rb1 63. Rc4 Ke6 64. Ra4 Kd5 65. Ra5+ Ke6 66.
Ra6+ Kf5 67. Ra4 Rg1+ 68. Kf2 Rh1 69. Kg2 Rh4 70. Ra8 Kf4 71. Ra4+ Kf5 72. Ra8
Rd4 73. Rf8+ Ke6 74. Re8+ Kf6 75. Rf8+ Kg7 76. Re8 Rd5 77. Kg3 Kf7 78. Ra8 Rd4
79. Ra5 Kf6 80. Ra6+ Kf5 81. Ra8 e4 82. Ra5+ Kg6 83. fxe4 Rxe4 84. Ra8 Rb4 85.
Rg8+ Kf6 86. Rf8+ Ke7 87. Rf5 g4 88. Rf4 Rxf4 89. Kxf4 g3 90. Kf3 g2 91. Kf2
g1=Q+ 92. Kxg1 1/2-1/2

[Event "39 Open Sevilla 2014"]
[Site "Sevilla (SPAIN)"]
[Date "2014.01.14"]
[Round "5.19"]
[White "MONCADA RODRIGUEZ, Cristobal"]
[Black "COIMBRA, Margarida"]
[Result "1-0"]
[WhiteElo "1891"]
[BlackElo "2087"]
[Annotator "Montecatine,R"]
[PlyCount "55"]
[EventDate "2014.01.10"]

{Con la partida ganada Margarida comete un grave error y, en vez de ganar
material, lo pierde y abandona desmoralizada.} 1. c4 e6 2. Nf3 d5 3. g3 c6 4.
cxd5 exd5 5. Bg2 Nf6 6. O-O Bd6 7. d4 O-O 8. Nc3 Nbd7 9. Nh4 Nb6 10. a4 a5 11.
Qd3 Re8 12. e4 dxe4 13. Nxe4 Be7 14. Ng5 Nbd5 15. Re1 Nb4 16. Qc4 Nfd5 $15 17.
Qe2 g6 18. Nhf3 Bf5 19. Ne4 Nf6 $17 20. Ne5 Qxd4 21. Ng5 Bd6 (21... Nc2 $19)
22. Ngf3 Qb6 23. Qc4 (23. Bg5) 23... Qc7 (23... Nfd5) 24. Bg5 Nfd5 (24... Rxe5
25. Bxf6 Rc5 26. Qh4 Nc2 27. Rac1 Nxe1 28. Rxe1 Bf8 $17) 25. Re2 {Diagrama #}
Bd3 $2 (25... Bxe5 26. Nxe5 Rxe5 27. Bxd5 Nxd5 $19) 26. Nxd3 Rxe2 27. Nxb4 Rxb2
28. Nxd5 (28. Nxd5 cxd5 29. Qxd5 $16) 1-0

[Event "39 Open Sevilla 2014"]
[Site "Sevilla (SPAIN)"]
[Date "2014.01.14"]
[Round "5.20"]
[White "MUNOZ JORVA, Miguel Angel"]
[Black "ORTEGA VALLE, Jose Ramon"]
[Result "0-1"]
[WhiteElo "1887"]
[BlackElo "2081"]
[Annotator "Montecatine,R"]
[PlyCount "76"]
[EventDate "2014.01.10"]

{Tras la jugada 16 el blanco no jugó con precisión y fue quedando peor hasta
precipitar la derrota con un error en la 25.} 1. d4 Nf6 2. c4 g6 3. Nc3 Bg7 4.
e4 d6 5. f4 O-O 6. Nf3 Na6 7. Bd3 c5 8. d5 e6 9. dxe6 Bxe6 10. a3 Re8 11. O-O
Nc7 12. Re1 a6 13. Qc2 b5 14. f5 (14. cxb5 c4 15. Bf1 Nxb5 16. f5) 14... Bxc4
15. Bxc4 bxc4 16. fxg6 $6 (16. Bf4) 16... hxg6 $15 17. Bg5 Qb8 18. Rab1 Qb3 19.
Qd1 (19. Qd2) 19... Re6 20. e5 Qxd1 21. Rbxd1 dxe5 22. Rxe5 (22. Bxf6 Bxf6 23.
Ne4 Bg7 24. Rd7 Rc6 25. Ned2 $15) 22... Rxe5 23. Nxe5 Nb5 $17 24. Na4 (24. Nxc4
Nxc3 25. bxc3 Ne4 26. Be3) 24... Ne4 $17 {Diagrama #} 25. Bf4 $2 (25. Nf3 $17)
25... g5 $19 26. Re1 gxf4 27. Rxe4 Re8 28. Rxc4 Rxe5 29. Kf1 Bf8 30. Rxf4 a5
31. Nb6 Be7 32. Nc4 Rh5 33. Nxa5 Rxh2 34. Rf5 Nd4 35. Re5 Kf8 36. Kg1 Rh6 37.
Nc4 Rg6 38. Kf1 Bh4 0-1

[Event "39 Open Sevilla 2014"]
[Site "Sevilla (SPAIN)"]
[Date "2014.01.14"]
[Round "5.2"]
[White "GUERREIRO, Nuno"]
[Black "MATAMOROS FRANCO, Carlos S"]
[Result "0-1"]
[WhiteElo "2161"]
[BlackElo "2531"]
[Annotator "Montecatine,R"]
[PlyCount "66"]
[EventDate "2014.01.10"]

{Mi sensación es que 16.Cc2, 18.Dd2 y 19.Dd1, 20.Cc2 y 22.Axh6 reflejan un
juego sin plan sólido. Ante un jugador como Matamoros, basta para perder.} 1.
Nf3 Nf6 2. g3 g6 3. Bg2 Bg7 4. O-O O-O 5. c4 d6 6. Nc3 e5 7. d3 h6 8. Rb1 a5 9.
c5 Nc6 10. cxd6 cxd6 11. d4 (11. Be3) 11... e4 12. Ne1 d5 13. Nc2 Re8 14. b4 (
14. Na3) 14... axb4 15. Nxb4 Bf5 {Diagrama #} 16. Nc2 (16. Nxc6 bxc6 17. Rb3)
16... b6 17. Ne3 Be6 18. Qd2 h5 19. Qd1 Ng4 20. Nc2 (20. Nxg4 hxg4 21. Be3 $15)
20... Na5 21. h3 Nh6 22. Bxh6 (22. Ne3) 22... Bxh6 $17 23. Rb5 Rc8 24. Na4 Nc4
25. Qa1 Qd7 $19 26. Rfb1 Bxh3 27. Ne1 h4 28. gxh4 Qg4 29. Nxb6 Bxg2 30. Nxg2
Ne3 31. fxe3 Bxe3+ 32. Kh2 Bf2 33. R1b3 e3 0-1

[Event "39 Open Sevilla 2014"]
[Site "Sevilla (SPAIN)"]
[Date "2014.01.14"]
[Round "5.9"]
[White "PADEIRO, Jose"]
[Black "GAITAN RAMIREZ, Alfonso"]
[Result "1-0"]
[WhiteElo "2337"]
[BlackElo "2020"]
[Annotator "Montecatine,R"]
[PlyCount "96"]
[EventDate "2014.01.10"]

1. Nf3 d5 2. d4 Nf6 3. c4 e6 4. Nc3 c5 5. e3 a6 6. a3 Nc6 7. Bd3 dxc4 8. Bxc4
b5 9. Ba2 Bb7 10. O-O Be7 11. Qd3 O-O 12. Rd1 cxd4 13. exd4 b4 14. Na4 Qa5 15.
Bb3 Qh5 16. Bf4 Nd5 17. Bxd5 exd5 18. Rac1 Qg4 19. Bc7 Qe4 20. Bb6 Qxd3 21.
Rxd3 bxa3 22. bxa3 Rfe8 23. Bc5 Bd8 24. Bd6 Na5 25. Nb2 (25. Bc7) 25... Re2 26.
Rd2 (26. Re3) 26... Rxd2 (26... Re6) 27. Nxd2 Rc8 $15 28. Re1 Bf6 29. Bc5 h6 (
29... Bc6) 30. Nd3 Nc4 31. Nf3 g6 32. h4 h5 33. Be7 Bg7 (33... Kg7) 34. Nc5 $14
Bc6 35. Nxa6 Bb5 (35... Ra8 36. Nb4 Bb7 37. Nc2 $14) 36. Nb4 Nxa3 37. Nxd5 Nc2
38. Rc1 Rc4 39. Nb6 Rc6 40. d5 Rxb6 41. Rxc2 {Diagrama #} Rb7 (41... Bd7 $16)
42. Rc8+ $18 Kh7 43. Ng5+ Kh6 44. Nxf7+ Kh7 45. d6 Ba4 46. Rc7 Rb1+ 47. Kh2 Rd1
48. Ng5+ Kh6 1-0

[Event "39 Open Sevilla 2014"]
[Site "Sevilla (SPAIN)"]
[Date "2014.01.14"]
[Round "5.15"]
[White "GOMEZ REBOLLO, Alfonso Carlos"]
[Black "MACHLIK, Monika"]
[Result "1/2-1/2"]
[WhiteElo "2150"]
[BlackElo "1941"]
[Annotator "Montecatine,R"]
[PlyCount "133"]
[EventDate "2014.01.10"]

{La partida siguió algunas jugadas más ilegibles. El blanco desperdició una
clara iniciativa y no puso imponerse en el final.} 1. e4 Nf6 2. e5 Nd5 3. d4 d6
4. Nf3 g6 5. Bc4 Nb6 6. Bb3 Bg7 7. exd6 cxd6 8. O-O O-O 9. Re1 Nc6 10. c3 Bf5
11. Bg5 Re8 12. Nbd2 Na5 13. Nf1 Nxb3 14. axb3 Nd5 15. Ng3 Bd7 16. Qd2 Nf6 17.
Ne4 Nxe4 18. Rxe4 Bf5 19. Ree1 Bg4 20. Qf4 Bxf3 21. Qxf3 Qd7 22. d5 b5 23. b4
Qc7 24. Ra5 Rab8 25. Qd3 Qd7 26. Rea1 Rb7 27. h3 Rc8 28. Be3 Ra8 29. Ra6 Bf6
30. f4 h5 31. f5 (31. Rf1) 31... Qxf5 32. Qxf5 gxf5 33. Rf1 e6 34. dxe6 (34.
Rxd6) 34... fxe6 35. Rxd6 Kf7 36. Ra6 Rd7 37. Rfa1 e5 38. Kf2 f4 39. Rxa7 Rdxa7
40. Rxa7+ Rxa7 41. Bxa7 Ke6 42. Bb8 Kf5 43. Ke2 e4 44. Bc7 Bg5 45. b3 Ke6 46.
c4 Kd7 47. Be5 Kc6 48. Bc3 Kb6 49. Bd4+ Kc6 50. Bc3 Kb6 51. Be1 h4 52. Bc3 Kc6
53. Be5 Kb6 54. Bd4+ Kc6 55. Be5 Kb6 56. Kd1 Kc6 57. Kc2 Kb6 58. Bd4+ Kc6 59.
Be5 Kb6 60. Kc3 Kc6 61. Kc2 Kb6 62. Bd4+ Kc6 63. Kc3 Be7 64. Bf2 Bg5 65. Kc2
Be7 66. Kc3 Bf6+ 67. Kc2 {Diagrama #} 1/2-1/2

[Event "39 Open Sevilla 2014"]
[Site "Sevilla (SPAIN)"]
[Date "2014.01.15"]
[Round "6.4"]
[White "VAN DER WEIDE, Karel"]
[Black "DUCARMON, Quinten"]
[Result "1/2-1/2"]
[WhiteElo "2449"]
[BlackElo "2456"]
[Annotator "Montecatine,R"]
[PlyCount "44"]
[EventDate "2014.01.10"]

{Una lucha tranquila y un previsible reparto de puntos.} 1. e4 c5 2. Nf3 e6 3.
d4 cxd4 4. Nxd4 Nc6 5. Nc3 Qc7 6. g4 a6 7. Bg2 Nge7 8. Be3 Ng6 9. O-O Bd6 10.
h3 O-O 11. Qd2 Nxd4 12. Qxd4 b5 13. Rfd1 Bh2+ 14. Kh1 Nh4 (14... Be5 15. Qc5
$11) 15. Qc5 Nxg2 16. Kxg2 Rd8 17. a4 bxa4 18. Rxa4 Bb7 19. Qxc7 Bxc7 20. f3
Bc6 21. Rc4 Rdb8 22. b3 Be5 {Diagrama #} 1/2-1/2

[Event "39 Open Sevilla 2014"]
[Site "Sevilla (SPAIN)"]
[Date "2014.01.15"]
[Round "6.8"]
[White "ORTEGA VALLE, Jose Ramon"]
[Black "LILLO CASTANY, Victor"]
[Result "0-1"]
[WhiteElo "2081"]
[BlackElo "2315"]
[Annotator "Montecatine,R"]
[PlyCount "54"]
[EventDate "2014.01.10"]

{Una insignificancia: hacer una jugada de desarrollo en lugar de otra, y tu
rival ya no te da respiro y te quedas perdido.} 1. d4 Nf6 2. c4 g6 3. f3 Nc6 4.
d5 Ne5 5. e4 d6 6. Na3 (6. Nc3) 6... Bg7 7. Ne2 O-O 8. Be3 e6 9. Rc1 $6 (9. Nc3
exd5 10. cxd5 c6 11. Be2 $11) 9... exd5 10. cxd5 c6 {Diagrama #} 11. dxc6 ({
el problema de haber jugado aquí Tc1 en lugar de Ae2 es que ahora no vale} 11.
Nc3 cxd5 12. Nxd5 Nxd5 13. exd5 (13. Qxd5 Be6 $17) 13... Qh4+ 14. Bf2 (14. g3
Qb4+ 15. Bd2 Qxb2 $19) 14... Nxf3+ 15. gxf3 (15. Qxf3 Qb4+ 16. Rc3 Bg4 $19)
15... Re8+ 16. Be2 Qb4+ 17. Qd2 Qxd2+ 18. Kxd2 Bh6+ 19. Kd1 Bxc1) 11... bxc6
12. Nd4 d5 13. Bf4 $6 (13. Nxc6 Nxc6 14. Rxc6 Bb7 15. Rc1 dxe4 16. Qxd8 Rfxd8
17. Rc7 Rd7 18. Rxd7 Nxd7 19. Bb5 Ne5 20. fxe4 Bxe4 21. O-O Ng4 22. Bc5 Bxb2
$17) 13... Nh5 14. Bxe5 (14. Be3 $17) 14... Bxe5 $19 15. Nxc6 Qh4+ $19 16. g3
Nxg3 17. hxg3 Bxg3+ 18. Ke2 Qxh1 19. Qxd5 Be6 20. Qd4 f6 21. Nb5 a6 22. Nc3
Qh2+ 23. Kd1 Qxb2 24. Rc2 Qa3 25. Bc4 Bxc4 26. Qxc4+ Kh8 27. Rg2 Rac8 0-1